[Event "Sherbrooke op-C"]
[Site "Sherbrooke"]
[Date "2004.05.30"]
[Round "5"]
[White "Roy, Samuel"]
[Black "Rodovic, Miladin"]
[Result "1-0"]
[WhiteElo "1453"]
[BlackElo "1358"]
[PlyCount "67"]
[EventDate "2004.05.??"]
[EventType "swiss"]
[EventRounds "5"]
[EventCountry "CAN"]
[SourceTitle "EXT 2006"]
[Source "ChessBase"]
[SourceDate "2005.11.24"]
[SourceVersion "1"]
[SourceVersionDate "2005.11.24"]
[SourceQuality "1"]

1. e4 e6 2. d4 d5 3. Nd2 c5 4. exd5 exd5 5. dxc5 Bxc5 6. Nb3 Bd6 7. Nf3 h6 8. Be2 Nf6 9. Bd2 0-0 10. 0-0 Qc7 11. h3 Bf5 12. Nfd4 Bd7 13. Nb5 Bxb5 14. Bxb5 a6 15. Be2 Nc6 16. Re1 Ne4 17. Be3 Rad8 18. a4 Rd7 19. a5 Qb8 20. Bb6 Be5 21. Nd4 Bh2+ 22. Kf1 Qf4 23. Nf3 d4 24. Bd3 f5 25. Qc1 Qxc1 26. Raxc1 Bf4 27. Rcd1 Ng5 28. Bc4+ Nf7 29. Nxd4 Nxd4 30. Rxd4 Rxd4 31. Bxd4 Bd2 32. Re7 Bxa5 33. Rxb7 g5 34. b4 1-0

[Event "Sherbrooke op-C"]
[Site "Sherbrooke"]
[Date "2004.05.29"]
[Round "2"]
[White "Roy, Alexandre"]
[Black "Rodovic, Miladin"]
[Result "0-1"]
[WhiteElo "1091"]
[BlackElo "1358"]
[PlyCount "40"]
[EventDate "2004.05.??"]
[EventType "swiss"]
[EventRounds "5"]
[EventCountry "CAN"]
[SourceTitle "EXT 2006"]
[Source "ChessBase"]
[SourceDate "2005.11.24"]
[SourceVersion "1"]
[SourceVersionDate "2005.11.24"]
[SourceQuality "1"]

1. c4 e5 2. Nc3 Nf6 3. g3 c6 4. Bg2 Bb4 5. Qc2 0-0 6. a3 Bxc3 7. Qxc3 Re8 8. Nf3 e4 9. Nd4 d5 10. b3 c5 11. Nc2 d4 12. Qb2 d3 13. exd3 exd3+ 14. Ne3 Nc6 15. Bxc6 bxc6 16. 0-0 Bh3 17. Ng2 Qe7 18. Qc3 Qe4 19. f3 Qe2 20. Nf4 Qxf1# 0-1